00589nam a2200205Ia 4500003000400000005001700004008004100021020003000062040001700092082001500109100001300124245010100137250001100238260002800249300001500277500002000292650002400312700002400336700002300360IIN20240102124923.0231217s9999 xx 000 0 und d cRs.1075.00a9789381579268 aIINbEnglish a610.7bDEE1 aDeepak,K1 aA Comprehensive Textbook on Nursing ManagementcDeepak K., Sarath Chandran.C & Mithun Kumar B.P. a2nd ed bEMMESSaBangalorec2022 axii, 530p. aIncluding index aManagementvnursing1 aSarath, Chandran.C 1 aMithun, Kumar B.P.